01784naa a2200277 i 4500001000400000003000400004005001700008008003900025040000800064080001000072100015000082245010900232260001000341500002100351520042800372650003700800655003000837650001400867650001200881700015300893711010201046773029301148942001301441999001501454952003701469BPPBPK20190604155009.0141209s1978 pl f |100 0 pol cBPK a621.9 aSOCHA, Stanisław.d1973 - 1996.bWyższa Szkoła Inżynierska w Koszalinie - Instytut Techniki Wytwarzania,cZakład Technologii Budowy Maszyn aGeometryczny model formowania wióra falistego /cStanisław Socha, Jan Kukiełka, Tadeusz Karpiński. c1978. aDane z autopsji. aW oparciu o analizę cech geometrycznych i mikrostruktury wióra falistego przedstawiono model jego formowania. Model spełnia warunek ciągłości materiału przy stałej grubości warstwy skrawanej. Stanowić on może uzupełnienie poglądów na temat niestabilności odkształceń przy skrawaniu uzasadnionych dotychczas głównie powstawaniem pęknięć w strefie formowania wióra lub drganiami ostrza. 0aNaprężenia i odkształcenia. 0aMateriały konferencyjne. 0aSkrawanie 0aWióry aKARPIŃSKI, Tadeusz.d1970 - 1996.bWyższa Szkoła Inżynierska w Koszalinie - Instytut Techniki Wytwarzania,cZakład Technologii Budowy Maszyn aKonferencja Naukowo-Techniczna "Postępy w technice wytwarzania"d(1978 ;cKołobrzeg, Polska). iW :tPostępy w technice wytwarzania : konferencja naukowo-techniczna, Kołobrzeg, 21-23 września 1978 r. Cz. 2, Skrawanie wiórowe, kształtowanie erozyjne i urządzenia technologiczne. -dKoszalin : Naczelna Organizacja Techniczna. Rada Oddziału Wojewódzkiego, 1978. -gs. 19-25 cART2UKD c5439d5439 00104070aBPKbBPKo25777yART